Potravinársky priemysel a politika zdravia

Potravinársky priemysel vo svete. Slovenský maloobchod s potravinami, ich bezpečnosť a spotrebiteľské správanie. Politika zdravia a jej odraz v zdravotnom stave obyvateľov SR.

Gespeichert in:
Bibliographische Detailangaben
1. Verfasser: Bilohuščinová, Denisa
Weitere Verfasser: Grüllingová, Mária, Martincová, Marta, 1955-
Format: Buchkapitel
Sprache:Slowakisch
Schlagworte:
Tags: Tag hinzufügen
Keine Tags, Fügen Sie das erste Tag hinzu!

MARC

LEADER 00000naa a2200000 4500
001 0167195
005 20240502072920.7
041 0 |a slo 
044 |a SK 
245 1 0 |a Potravinársky priemysel a politika zdravia  |c Denisa Bilohuščinová, Mária Grullingová, Marta Martincová 
520 |a Potravinársky priemysel vo svete. Slovenský maloobchod s potravinami, ich bezpečnosť a spotrebiteľské správanie. Politika zdravia a jej odraz v zdravotnom stave obyvateľov SR. 
610 2 0 |a politika zdravotná 
610 2 0 |a Slovensko 
610 2 0 |a ochrana spotrebiteľa 
610 2 0 |a priemysel potravinársky 
100 1 |a Bilohuščinová, Denisa 
700 1 |a Grüllingová, Mária 
700 1 |a Martincová, Marta, 1955-